| 000 | 00905nas a2200277 4500 | ||
|---|---|---|---|
| 001 | BR9704704 | ||
| 003 | BR-BrBNA | ||
| 005 | 20231205100546.0 | ||
| 007 | ta | ||
| 008 | 230509b bl.|||p| |||| 00| 00por d | ||
| 040 |
_aBR-BrBNA _bpor _cBiblioteca Nacional de Agricultura |
||
| 041 | _a(Pt) | ||
| 072 | _aH60 | ||
| 100 | 1 | _aOliveira Junior, R.S. de | |
| 100 | 1 | _aSilva, J.F. da | |
| 100 | 1 | _aFerreira, L.R. | |
| 100 | 1 | _aReis, F.P. | |
| 245 | 1 | _aSensibilidade de cultivares de cebola (Allium cepa L.)implantados por semeadura direta ao oxyfluorfen aplicado em diferentes estadios de desenvolvimento da planta | |
| 650 | _aCebola | ||
| 650 | _aHerbicida | ||
| 650 | _aVariedade Resistente | ||
| 650 | _aPlantio Direto | ||
| 773 | 0 |
_tRevista Ceres (Brazil) _xISSN 0034-737X _g(Jan-Feb 1997), v. 44(251) p. 1-16 _wBR9704704 |
|
| 909 |
_a202311 _bLúcia _c55 _dLúcia Elande |
||
| 942 |
_2AGRIS _n0 _cANA |
||
| 999 |
_c156686 _d156686 |
||